|
|
|
|
| LEADER |
00776nam a22001937a 4500 |
| 008 |
190801b xxu||||| |||| 00| 0 eng d |
| 999 |
|
|
|c 27003
|d 27003
|
| 020 |
|
|
|a 9789385064104
|
| 082 |
|
|
|a 894.1301
|b FAZ
|
| 100 |
|
|
|a ഫാസില്
|
| 240 |
|
|
|a Episodil othungatha krishnankutty
|
| 245 |
|
|
|a എപ്പിസോഡില് ഒതുങ്ങാത്ത കൃഷ്ണന്കുട്ടി /
|c ഫാസില്
|
| 250 |
|
|
|a 1st ed.
|
| 260 |
|
|
|a പാലക്കാട് :
|b ലോഗോസ് ബുക്സ്,
|c 2015.
|
| 300 |
|
|
|a 86p.
|
| 650 |
|
|
|a Stories
|
| 700 |
|
|
|a Fazil
|
| 942 |
|
|
|2 ddc
|c BK
|
| 952 |
|
|
|0 0
|1 0
|2 ddc
|4 0
|6 894_130100000000000_FAZ
|7 0
|9 36996
|a MAIN
|b MAIN
|d 2019-08-01
|e Logos books
|g 80.00
|o 894.1301 FAZ
|p 35303
|r 2019-08-01
|t 1
|w 2019-08-01
|y BK
|